Представление документа в формате RUSMARC

ПолеНазваниеЗначение
  Тип записи a
  Библиографический уровень a
001 Контрольный номер 18f48f4d0434487f92e5443dafc60018
005 Дата корректировки 20140506180908.7
200 Заглавие и сведения об ответственности __
a Заглавие Трансформация функций высшего образования и социальные позиции студенчества
461 Уровень набора _0
1 2001
a Социс
463 Уровень физической единицы _0
1 200
v С.78-83
1 210
d 2002. - №3
610 Ключевые слова __
a Ключевые слова студенчество; высшее образование
686 Индексы других классификаций __
a Классификационный индекс 60.54
700 Автор __
a Фамилия Бойко
b Имя Л.И.
901 Тип документа __
t Тип документа b
938 Служебная информация __
a Название организации Волгоградский филиал
b Имя БД Статьи ВКИ
c Название АИБС АИБС МАРК-SQL